| 000 | 00346nam a2200145Ia 4500 | ||
|---|---|---|---|
| 008 | 230917s9999||||xx |||||||||||||| ||und|| | ||
| 040 |
_e49950 _aMAIN |
||
| 041 | _aEnglish | ||
| 082 | _a181.4 S92P | ||
| 100 | _aShukla, Vidyadhar | ||
| 245 | 0 | _aPadartha-vijana-darpana | |
| 260 |
_aVaranasi _bChaukhamba _c1984 |
||
| 300 | _a397 p. | ||
| 942 | _cBK | ||
| 999 |
_c52007 _d52007 |
||